TOEFL IBT activator writing : Advanced

Saved in:
Bibliographic Details
Format: Book
Language:Undetermined
Published: Thành phố Hồ Chí Minh Tổng hợp Thành phố Hồ Chí Minh 2008
Subjects:
Tags: Add Tag
No Tags, Be the first to tag this record!
Institutions: Trung tâm Học liệu Trường Đại học Cần Thơ
LEADER 00643nam a2200193Ia 4500
001 CTU_135832
008 210402s9999 xx 000 0 und d
020 |c 23000 
082 |a 428.0076 
082 |b T641 
245 0 |a TOEFL IBT activator writing : 
245 0 |b Advanced 
260 |a Thành phố Hồ Chí Minh 
260 |b Tổng hợp Thành phố Hồ Chí Minh 
260 |c 2008 
650 |a English language,Anh ngữ 
650 |x Srudy and teaching,Học và giảng dạy 
910 |i Sách kèm theo số: MON.029493, MOL.050084, AV.005307 
980 |a Trung tâm Học liệu Trường Đại học Cần Thơ